हस्तरेखा विज्ञान (Record no. 1465)

MARC details
000 -LEADER
fixed length control field 01146 a2200205 4500
005 - DATE AND TIME OF LATEST TRANSACTION
control field 20080909121536.0
008 - FIXED-LENGTH DATA ELEMENTS--GENERAL INFORMATION
fixed length control field 080909t xxu||||| |||| 00| 0 hin d
010 ## - LIBRARY OF CONGRESS CONTROL NUMBER
LC control number HIN-79274
020 ## - INTERNATIONAL STANDARD BOOK NUMBER
International Standard Book Number 8187077778
Terms of availability 110.00
035 ## - SYSTEM CONTROL NUMBER
System control number HN-51620
037 ## - SOURCE OF ACQUISITION
Source of stock number/acquisition D.B.Act / pub
082 ## - DEWEY DECIMAL CLASSIFICATION NUMBER
Classification number 133.6
100 ## - MAIN ENTRY--PERSONAL NAME
Personal name द्विवेदी, हरगोविन्द
245 ## - TITLE STATEMENT
Title हस्तरेखा विज्ञान
Statement of responsibility, etc हरगोविन्द द्विवेदी
Remainder of title 242 चित्रों से युक्त
260 ## - PUBLICATION, DISTRIBUTION, ETC. (IMPRINT)
Place of publication, distribution, etc नई दिल्ली
Name of publisher, distributor, etc अजय बुक सर्विस
Date of publication, distribution, etc 2007
270 ## - ADDRESS
Address 4215/1, अंसारी रोड(वेसमैंट), दरियागंज
City नई दिल्ली
Postal code 110002
Telephone number 23287655
Electronic mail address asagarbh@yahoo.com
300 ## - PHYSICAL DESCRIPTION
Extent 254पृ
Dimensions 22 सेमी (अजिल्द)
942 ## - ADDED ENTRY ELEMENTS (KOHA)
Institution code [OBSOLETE] dpl
Koha item type Hindi Books
Call number prefix 133.6 / द्विवेदी
Source of classification or shelving scheme Dewey Decimal Classification
Classification part 133.6
Call number suffix द्विवेदी
Holdings
Withdrawn status Lost status Damaged status Not for loan Home library Current library Date acquired Cost, normal purchase price Total Checkouts Full call number Barcode Date last seen Copy number Uniform Resource Identifier Cost, replacement price Price effective from Koha item type
        D.B.Act.Division D.B.Act.Division 09/09/2008 110.00   133.6 द्विवेदी HN-51620 15/09/2008 1 1538 110.00 15/09/2008 Hindi Books

© Delhi Public Library
Hit Counter
free hit counter